Normal view
MARC view
Entry Personal Name
001 - CONTROL NUMBER
- control field: 240731
003 - CONTROL NUMBER IDENTIFIER
- control field: OSt
005 - DATE AND TIME OF LATEST TRANSACTION
- control field: 20250927100110.0
008 - FIXED-LENGTH DATA ELEMENTS
- fixed length control field: 250927|| aca||aabn | a|a d
040 ## - CATALOGING SOURCE
- Original cataloging agency: OSt
- Transcribing agency: OSt
100 ## - HEADING--PERSONAL NAME
- Personal name: MULIYA MAHABALA BHATTA.
- Dates associated with a name: ಮುಳಿಯ ಮಹಾಬಲ ಭಟ್ಟ
670 ## - SOURCE DATA FOUND
- Source citation: Work cat.: (OSt)85648: MULIYA MAHABALA BHATTA. ಮುಳಿಯ ಮಹಾಬಲ ಭಟ್ಟ, Yakshagana makaranda., 1980